Central Library OPAC University of Rajshahi

Academic freedom : (Record no. 49445)

MARC details
000 -LEADER
fixed length control field 00717mam a2200241 a 4500
001 - CONTROL NUMBER
control field 49445
003 - CONTROL NUMBER IDENTIFIER
rucl marc code BD-RjUL
005 - DATE AND TIME OF LATEST TRANSACTION
control field 20211209054700.0
008 - FIXED-LENGTH DATA ELEMENTS--GENERAL INFORMATION
fixed length control field 160820s1955 ilu b 001 0 eng
035 ## - SYSTEM CONTROL NUMBER
System control number (OCoLC)ocm00186069
System control number (BD-RjUL)49564
040 ## - CATALOGING SOURCE
Original cataloging agency DLC
Transcribing agency WSU
Modifying agency OCL
-- SLU
-- BD-RjUL
Language of cataloging eng
041 ## - LANGUAGE CODE
Language code of text/sound track or separate title eng
082 00 - DEWEY DECIMAL CLASSIFICATION NUMBER
Classification number 371.1
Author mark and year KIA 1955
100 1# - MAIN ENTRY--PERSONAL NAME
Personal name Kirk, Russell.
9 (RLIN) 148404
245 10 - TITLE STATEMENT
Title Academic freedom :
Remainder of title an essay in definition /
Statement of responsibility, etc. by Russell Kirk.
260 ## - PUBLICATION, DISTRIBUTION, ETC. (IMPRINT)
Place of publication, distribution, etc. Chicago :
Name of publisher, distributor, etc. H. Regnery Co.,
Date of publication, distribution, etc. 1955.
300 ## - PHYSICAL DESCRIPTION
Pagination 210 p. ;
Size 22 cm.
504 ## - BIBLIOGRAPHY, ETC. NOTE
Bibliography, etc Includes bibliographical references (p. 201-204) and index.
650 #0 - SUBJECT ADDED ENTRY--TOPICAL TERM
Topical term or geographic name as entry element Teaching, Freedom of.
9 (RLIN) 144062
942 ## - ADDED ENTRY ELEMENTS (KOHA)
Source of classification or shelving scheme Dewey Decimal Classification
Koha item type Books
Holdings
Lost status Source of classification or shelving scheme Damaged status Not for loan Collection code Permanent Location Current Location Shelving location Date acquired Source of acquisition Cost, normal purchase price Total Checkouts Full call number Date last seen Copy number Koha item type
  Dewey Decimal Classification     Non-fiction Central Library, University of Rajshahi Central Library, University of Rajshahi   24/09/1956 Modern book supplies 29.11   371.1 KIA 1955 21/08/2016 C-2 Books